[Event "GER-chT U20"]
[Site "Naumburg Saale"]
[Date "2014.12.30"]
[Round "7.4"]
[White "Grossmann, Dominic"]
[Black "Diller, Daniel"]
[Result "0-1"]
[WhiteElo "1457"]
[BlackElo "1946"]
[PlyCount "94"]
[EventDate "2014.12.27"]
[EventType "team-swiss"]
[EventRounds "7"]
[EventCountry "GER"]
[SourceTitle "EXT 2016"]
[Source "ChessBase"]
[SourceDate "2015.10.08"]
[SourceVersion "1"]
[SourceVersionDate "2015.10.08"]
[SourceQuality "1"]
[WhiteTeam "Meuselwitz"]
[BlackTeam "Erlangen"]
[WhiteTeamCountry "GER"]
[BlackTeamCountry "GER"]

1. d4 e6 2. e3 Nf6 3. Nf3 b6 4. c4 Bb7 5. Be2 Bb4+ 6. Bd2 Bxd2+ 7. Nbxd2 d6 8. 0-0 0-0 9. Qc2 Nbd7 10. Rad1 Qe7 11. h3 a5 12. e4 e5 13. d5 Nh5 14. Nh2 Nf4 15. Bf3 Qg5 16. Bg4 Nc5 17. Ndf3 Qh6 18. Rfe1 g6 19. Nf1 Qg7 20. N3h2 h5 21. Bf3 Qf6 22. Ng3 Bc8 23. Ne2 Qg5 24. Nxf4 Qxf4 25. g3 Qg5 26. h4 Qe7 27. Qd2 Kg7 28. Kh1 f5 29. exf5 Bxf5 30. Qg5 Qxg5 31. hxg5 Bd3 32. b3 e4 33. Be2 Rxf2 34. Bxd3 exd3 35. Re7+ Rf7 36. Rxf7+ Kxf7 37. Kg2 Re8 38. Kf1 Re2 39. Nf3 Rxa2 40. Nd4 Rb2 41. Kg1 d2 42. Rf1+ Ke8 43. Ne6 Nxe6 44. dxe6 Rc2 45. Rd1 Rc1 46. Rxc1 dxc1Q+ 47. Kg2 Ke7 0-1

[Event "GER-chT U20"]
[Site "Naumburg Saale"]
[Date "2014.12.29"]
[Round "5.4"]
[White "Biefel, Christian"]
[Black "Grossmann, Dominic"]
[Result "1/2-1/2"]
[WhiteElo "1763"]
[BlackElo "1457"]
[PlyCount "70"]
[EventDate "2014.12.27"]
[EventType "team-swiss"]
[EventRounds "7"]
[EventCountry "GER"]
[SourceTitle "EXT 2016"]
[Source "ChessBase"]
[SourceDate "2015.10.08"]
[SourceVersion "1"]
[SourceVersionDate "2015.10.08"]
[SourceQuality "1"]
[WhiteTeam "Heilbronn"]
[BlackTeam "Meuselwitz"]
[WhiteTeamCountry "GER"]
[BlackTeamCountry "GER"]

1. c4 Nf6 2. Nf3 g6 3. d4 Bg7 4. Nc3 d6 5. e4 0-0 6. Be2 b6 7. 0-0 Nbd7 8. a4 e5 9. d5 Nc5 10. Qc2 a5 11. Bd2 Ne8 12. Ne1 f5 13. f3 f4 14. Nd3 Nxd3 15. Qxd3 Qg5 16. Nb5 h5 17. b4 h4 18. Kh1 Rf7 19. Rf2 Nf6 20. c5 Nh5 21. cxd6 Ng3+ 22. Kg1 Nxe2+ 23. Qxe2 Ba6 24. bxa5 bxa5 25. Bxa5 cxd6 26. Rb1 Rfa7 27. Bb4 Bf8 28. Qe1 Bxb5 29. axb5 h3 30. Rfb2 Ra2 31. Qf2 Ra1 32. g4 fxg3 33. hxg3 R8a2 34. Rxa2 Rxb1+ 35. Be1 Qc1 1/2-1/2